00658 2200241 4500001002100000005001700021008004100038035002400079082001400103090002100117100001800138245007300156250001000229260003700239300002500276500003000301650002000331850001500351980001400366985000600380999001500386999001500401YOGYA-0209000001133220090227022122.0 ind  0010-020900000011332 a371.30281 a371.30281bheu A aHEUKEN, Adolf aAku berhasil dalam studibteknik belajar dengan suksescAdolf Heuken aCet.7 aJakartabCipta Loka Carakac2002 a196 hlmbilusc21 cm aJudul asli : How to study aBelajar sendiri aYOPDYOG(B) a19-9-2005 a2 a03P0000640 a03P0000641